ბათუმის შოთა რუსთაველის სახელმწიფო უნივერსიტეტის ბიბლიოთეკა

Handbook of Hospitality strategic management / (ბიბ.ჩანაწერი № 45438)

000 -LEADER
fixed length control field 00981nam a2200229Ia 4500
001 - CONTROL NUMBER
control field 12262
003 - CONTROL NUMBER IDENTIFIER
control field GE_BSU
005 - DATE AND TIME OF LATEST TRANSACTION
control field 20211130121429.0
008 - FIXED-LENGTH DATA ELEMENTS--GENERAL INFORMATION
fixed length control field 181216s2008||||enk|||||||||||||| ||eng||
020 ## - INTERNATIONAL STANDARD BOOK NUMBER
International Standard Book Number 9780080450797
040 ## - CATALOGING SOURCE
Transcribing agency GE_BSU
080 ## - UNIVERSAL DECIMAL CLASSIFICATION NUMBER
Universal Decimal Classification number 005.21(075.8) H-22
245 ## - TITLE STATEMENT
Title Handbook of Hospitality strategic management /
Statement of responsibility, etc. Edited by Michael Olsen, Jinlin Zhao.
264 ## - PRODUCTION, PUBLICATION, DISTRIBUTION, MANUFACTURE, AND COPYRIGHT NOTICE
Place of production, publication, distribution, manufacture Amsterdam:
Name of producer, publisher, distributor, manufacturer Elsevier,
Date of production, publication, distribution, manufacture, or copyright notice 2008.
300 ## - PHYSICAL DESCRIPTION
Extent 488 p.;
Other physical details 25 cm.
653 ## - INDEX TERM--UNCONTROLLED
keyword Handbook of Hospitality strategic management
653 ## - INDEX TERM--UNCONTROLLED
keyword Справочник по стратегическому менеджменту в сфере гостеприимства
653 ## - INDEX TERM--UNCONTROLLED
keyword სტუმართმოყვარეობის სტრატეგიული მენეჯმენტის სახელმძღვანელო
700 ## - ADDED ENTRY--PERSONAL NAME
Personal name Olsen, Michael
Relator term რედაქტორი
9 (RLIN) 13115
700 ## - ADDED ENTRY--PERSONAL NAME
Personal name Zhao, Jinlin
Relator term რედაქტორი
9 (RLIN) 13116
942 ## - ADDED ENTRY ELEMENTS (KOHA)
Koha item type წიგნი
Source of classification or shelving scheme
ეგზემპლარები
Withdrawn status Lost status Source of classification or shelving scheme Damaged status Not for loan Permanent Location Current Location Shelving location Date acquired Cost, normal purchase price Full call number Barcode Date last seen Copy number Price effective from Koha item type Public note
          ბათუმის შოთა რუსთაველის სახელმწიფო უნივერსიტეტის მთავარი ბიბლიოთეკა ბათუმის შოთა რუსთაველის სახელმწიფო უნივერსიტეტის მთავარი ბიბლიოთეკა წიგნსაცავი 2018-12-17 136.00 005.21(075.8) H-22 36180 2018-12-17 36180 2018-12-17 წიგნი 136 ლ.